IEEE transactions on automatic control <a> publication of the IEEE control systems society

Salvato in:
Dettagli Bibliografici
Natura: Periodico
Lingua:inglese
Pubblicazione: New York Institute of Electrical and Electronics Engineers
Soggetti:
Tags: Aggiungi Tag
Nessun Tag, puoi essere il primo ad aggiungerne!!

MARC

LEADER 00000nas1a2200000 4500
001 s123288
005 20041019155352.7
041 0 |a eng 
044 |a US 
245 1 0 |a IEEE transactions on automatic control  |b <a> publication of the IEEE control systems society 
264 1 |a New York  |b Institute of Electrical and Electronics Engineers 
610 2 0 |a inžinierstvo priemyselné 
610 2 0 |a výskum 
610 2 0 |a vývoj